000 00426nam a2200181Ia 4500
005 20240823005025.0
008 240823s9999||||xx |||||||||||||| ||und||
041 _aENGLISH
082 _A621.3 N7
100 _aMithal G K
245 0 _aIntroductory Electrical Engineering
250 _a1st
260 _c1997
_bG K Jabalpur
500 _aYES
650 _aElectrical
_bInstrumentation
942 _cBK
999 _c154529
_d154529